| 000 | 00973nas a2200325 4500 | ||
|---|---|---|---|
| 001 | BR2012002652 | ||
| 003 | BR-BrBNA | ||
| 005 | 20231205120425.0 | ||
| 007 | ta | ||
| 008 | 230509b bl.|||p| |||| 00| 00por d | ||
| 040 |
_aBR-BrBNA _bpor _cBiblioteca Nacional de Agricultura |
||
| 041 | _a(Pt) | ||
| 072 | _aH20; F03 | ||
| 100 | 1 | _aPinto, T.L.F. | |
| 100 | 1 | _aCícero, S.M. | |
| 100 | 1 | _aFrança Neto, J. de B. | |
| 100 | 1 | _aDourado Neto, D. | |
| 100 | 1 | _aForti, V.A. | |
| 245 | 1 | _aFungicidas foliares e a doença ferrugem asiática na produção e na qualidade de sementes de soja | |
| 650 | _aSOJA | ||
| 650 | _aFERRUGEM | ||
| 650 | _aTESTE DE SEMENTES | ||
| 650 | _aQUALIDADE | ||
| 650 | _aFUNGICIDA | ||
| 650 | _aTESTE DE VIGOR | ||
| 650 | _aPRODUTIVIDADE | ||
| 773 | 0 |
_tRevista Brasileira de Sementes (Brazil) _xISSN 0101-3122 _g(Dec 2011), v. 33(4) p. 680-688 _wBR2012002652 |
|
| 909 |
_a202311 _bLúcia _c55 _dLúcia Elande |
||
| 942 |
_2AGRIS _n0 _cANA |
||
| 999 |
_c218422 _d218422 |
||